Top Five Countries producing each Fruit - Statistics

General Stats
  • This quiz has been taken 127 times
  • The average score is 30 of 40
Answer Stats
Answer % Correct
China
99%
Brazil
98%
United States
98%
France
97%
Mexico
97%
Italy
96%
Spain
96%
Greece
95%
United Kingdom
94%
India
92%
Russia
92%
Canada
91%
Argentina
89%
Germany
89%
Indonesia
89%
Egypt
85%
Iran
85%
Turkey
84%
Colombia
83%
Chile
81%
Peru
80%
Pakistan
79%
Poland
79%
Iraq
78%
Algeria
76%
Morocco
76%
New Zealand
76%
Saudi Arabia
75%
Ukraine
75%
Philippines
73%
Tunisia
63%
Ecuador
61%
Romania
58%
Dominican Republic
50%
Costa Rica
49%
Sri Lanka
36%
Serbia
29%
Switzerland
26%
Uzbekistan
26%
Kyrgyzstan
10%
No matching quizzes found
Score Distribution
Percent of People with Each Score
Percentile by Number Answered
Your Score History
You have not taken this quiz